00493nam a2200157 a 4500001000500000005001700005008004100022020001800063050001700081245003000098260004900128300002400177520008700201650002500288650002200313336320140414131921.0040526s19uu xx 00 eng d a0-7214-2583-6 aERbSk9 1996 aSky dancers: one for all. aLeicestershire, UK :bLadybird Books,c1996. a27 p. : ill. ; cm. aWill Sky Clone and his three mischievous imps be able to destroy their friendship? aAdventures--Fiction. aChildren stories.